Câu hỏi - bài tập trắc nghiệm lịch sử 10

Shranjeno v:
Bibliografske podrobnosti
Format: Knjiga
Oznake: Označite
Brez oznak, prvi označite!
Thư viện lưu trữ: Mạng thư viện Đại học Đà Nẵng
LEADER 00603nam a2200205 4500
001 000009889
003 6087
005 20150812140811.0
008 111103s sd
245 0 0 |a Câu hỏi - bài tập trắc nghiệm lịch sử 10 
774 |d H.  |d Đại học Sư phạm  |d 2007  |g Ph.1  |h 105tr.  |w 6086 
774 |d H.  |d Đại học Sư phạm  |d 2007  |g Ph.2  |h 169tr.  |w 6088 
OWN |a LSP 
999 |a From the UDN01 
TYP |a Monograph 
TYP |a Printed language 
980 |a Mạng thư viện Đại học Đà Nẵng